01365pam a2200337 i 450000100060000000300080000600500170001400800390003102000170007003500190008704000230010604100080012908200250013724500970016226000530025930000350031250000610034750000200040850400300042852001240045865100390058265100290062165100360065065100270068670000280071374000480074185600730078994200120086299900170087495201360089127264BD-RjUL20211209051131.0140324s1979 nyua b 001 0deng a0379161680 : a(BD-RjUL)27336 aDLCcDLCdDLCbeng aeng00a976.400202bCHR 197900aChronology and documentary handbook of the State of Texas /cRobert I. Vexler, State editor. aDobbs Ferry, N.Y. :bOceana Publications,c1979. aviii, 152 p. :bill. ;c24 cm. aCover title: Texas, a chronology & documentary handbook. aIncludes index. aBibliography: p. 147-148. aIncludes a chronology of events in Texas from 1519 to 1977, a biographical directory, and selected pertinent documents. 0aTexasxHistoryxChronology.983662 0aTexasxBiography.973368 0aTexasxHistoryxSources.983663 1aTexasxHistory.9733661 aVexler, Robert I.92173 aTexas, a chronology & documentary handbook.413Table of contentsuhttp://www.loc.gov/catdir/toc/fy054/78026888.html 2ddccBK c27264d27264 00102ddc40728NFICaRUCLbRUCLcReadingd1989-06-22eN/Ag0.00l0o976.400202 CHR 1979r2014-03-24 00:00:00tC-1w2014-03-24yBK